Ciekawostki o krajach europejskich - Statystyki

Ogólne statystyki
  • Ten quiz został rozwiązany 2 494 razy
  • Średni wynik to 6 z 15
Statystyki odpowiedzi
Podpowiedź Kraj % Poprawnych
W tym państwie najwyższa ocena to 1, a najniższa to 6 Niemcy
94%
Nazwa kraju pochodzi od słowa „Ispania”, co znaczy: „ziemia bogata w króliki” Hiszpania
74%
Kraj ten posiada największy wulkan w Europie Włochy
68%
Średni wzrost mężczyzn to 184 cm, a kobiet 170 cm Holandia
45%
Jest najgęściej zaludnionym narodem na świecie. Monako
42%
Kraj ten posiada największy most w Europie (18 km) Dania
40%
W tym kraju istnieje oficjalny zakaz umierania na terenie gmachu parlamentu Wielka Brytania
40%
Z tego kraju wywodzi się zwyczaj “Prima aprilis” Francja
34%
Najstarszy kraj w Europie, nie zmienił swojej nazwy od 681 roku Bułgaria
23%
Kraj ten ma najmniejszy procent powierzchni zalesionej Islandia
22%
W tym kraju nie ma ani jednego lokalu KFC Norwegia
22%
W tym kraju analfabetyzm jest równy zeru Andora
16%
40% ludności tego kraju mieszka w stolicy Grecja
13%
Ostatnia kara śmierci w tym kraju została wykonana w 1870 roku Watykan
11%
Pierwszy kraj, który zwalczył niewolnictwo na starym kontynencie. Chorwacja
8%
Nie znaleziono quizów pasujących do podanych kryteriów
Rozkład punktacji
Procent ludzi z każdym wynikiem
Percentyl według liczby udzielonych odpowiedzi
Twoja historia wyników
Nie rozwiązałeś tego quizu